000
00328nam a2200145Ia 4500
999
_c
14196
_d
14196
003
OSt
005
20260210180912.0
008
260210s9999 xx 000 0 und d
020
_a
9781682866528
082
_a
577
100
_a
Clarke
245
0
_a
Ecology and Environmental Science
260
_b
Syrawood
942
_c
BPLAN
_2
ddc